Online Catalogue and eLibrary

Lets learn sinhala - 1 (Record no. 5215)

MARC details
000 -LEADER
fixed length control field 00396nam a2200157Ia 4500
005 - DATE AND TIME OF LATEST TRANSACTION
control field 20250701152842.0
008 - FIXED-LENGTH DATA ELEMENTS--GENERAL INFORMATION
fixed length control field 240331s9999 xx 000 0 und d
020 ## - INTERNATIONAL STANDARD BOOK NUMBER
ISBN 95598177012
082 ## - DDC Classification
Item Number - Author Mark DIS
Class No. 491
100 ## - MAIN ENTRY--PERSONAL NAME
Personal name Dissanayake,J.B
245 #0 - TITLE STATEMENT
Title Lets learn sinhala - 1
260 ## - PUBLICATION, DISTRIBUTION, ETC.
Place of publication, distribution, etc. Sri Lanka
Name of publisher, distributor, etc. sumathi Book
Date of publication, distribution, etc. 2003
300 ## - PHYSICAL DESCRIPTION
Extent (e.g. Volumes, Pages etc.) 111 p .,
500 ## - GENERAL NOTE
General note A book on Vowels and Consonants
942 ## - Koha item type (Biblio)
Koha item type Books in Stacks (Lending)
Holdings
Lost status Damaged status Collection code Home library Current library Shelving location Date acquired Full call number Accession Number Item type
    Lending WERC Library WERC Library Social Science Cupboard 03/31/2024 491.48 DIS 6168 Books in Stacks (Lending)

© WERC Library